| 000 | 00832nam a2200277 a 4500 | ||
|---|---|---|---|
| 001 | 000021447 | ||
| 003 | DO-SdBNP | ||
| 005 | 20220301121822.0 | ||
| 008 | 100908s2002 dr 000 f spa d | ||
| 020 | _z9993420123 | ||
| 040 |
_aDO-SdBNP _bspa _cBPMSU |
||
| 049 | _a | ||
| 082 |
_aRD863.44 _bL789p, 2003 _222 |
||
| 100 | 1 |
_aLizardo Lasocé, Luis Francisco, _d1942- |
|
| 245 | 1 | 0 |
_aPalma Sola : _bla tragedia de un pueblo / _cLuis Francisco Lizardo Lasorcé. |
| 250 | _a6a ed. | ||
| 260 |
_aSanto Domingo : _bManatí, _c2002 |
||
| 300 |
_a96 p. ; _c21 cm. |
||
| 500 | _aIncluye nota al pie de página | ||
| 500 | _aIncluye datos biográficos del autor en la contracubierta | ||
| 590 | _6Inventariado, 2022/VM | ||
| 650 | 4 | _aNovela dominicana | |
| 650 | 4 | _aLiteratura dominicana. | |
| 910 | _aVMateo V. | ||
| 942 |
_2ddc _cBK |
||
| 999 |
_c13707 _d13707 |
||